|
|
|
|
| LEADER |
00000nam a22000007a 4500 |
| 005 |
20130425185625.0 |
| 007 |
cr|||| |||| |
| 008 |
130425e2010 pe |||||s|||| 00||0 spa d |
| 020 |
|
|
|a 978-612-4047-40-4
|
| 035 |
|
|
|a 11035
|
| 040 |
|
|
|a vLex
|
| 090 |
|
|
|c 4178
|d 4178
|
| 100 |
1 |
0 |
|a Ferrajoli, Luigi
|
| 245 |
1 |
0 |
|a Cultura jurd̕ica y paradigma constitucional
|b La experiencia italiana del siglo XX
|c / Luigi Ferrajoli
|h [Recurso electrn̤ico]
|
| 256 |
|
|
|a Servicio en ln̕ea
|
| 260 |
|
|
|a Lima :
|b Palestra Editores,
|c 2010
|
| 300 |
|
|
|a 1 Recurso electrn̤ico
|
| 506 |
|
|
|d vLex Global
|d vLex Global (Academic Edition, excluding Law Schools)
|d vLex Global (U.S. Academic Edition, Law Schools)
|d vLex Global (U.S. Academic Edition, excluding Law Schools)
|d vLex Global (Academic Edition, Law Schools)
|
| 650 |
|
4 |
|a Derecho constitucional
|z Italia
|
| 740 |
|
|
|a vLex Libros (Servicio en ln̕ea)
|
| 856 |
|
|
|a Acceso restringido
|u http://www.vlex.com/source/11035
|
| 942 |
|
|
|c BOOK
|
| 999 |
|
0 |
|a Constitutional law
|